| 000 | 00455pab a2200193 454500 | ||
|---|---|---|---|
| 008 | 180718b2007 xxu||||| |||| 00| 0 eng d | ||
| 100 | _aPande, Rekha | ||
| 245 | _aGender, poverty and globalization in India | ||
| 260 | _c2007 | ||
| 300 | _ap.134-140. | ||
| 362 | _aJun | ||
| 650 | _aWomen - India | ||
| 650 | _aGlobalization - India | ||
| 650 | _aPoverty - India | ||
| 650 | _aPoverty | ||
| 773 | _aDevelopment | ||
| 908 | _aN | ||
| 909 | _a75693 | ||
| 999 |
_c75693 _d75693 |
||